00450nam a2200169Ia 450000100060000000800410000602000180004704000130006508200210007810000230009924500560012225000080017826000500018630000120023654600070024865000250025517402140405s9999 xx 000 0 und d a0-13-393760-7 cPK-LaUMT a 621.3815bBOG-E aTheodore F. Bogart aElectronic devices and circuitscTheodore F. Bogart a4th aUpper Saddle River,USA:bPrentice Hall,c1997 a1001 p. aEN aElectronics circuits